Global bollywood : (Record no. 47994)

MARC details
000 -LEADER
fixed length control field 03502cam a2200361 a 4500
005 - DATE AND TIME OF LATEST TRANSACTION
control field 20031230185550.0
010 ## - LCCN (DPL NO)
LC control number ENG-101579 B-445659-663
020 ## - INTERNATIONAL STANDARD BOOK NUMBER
International Standard Book Number 9788125039150
Terms of availability 495.00
035 ## - SYSTEM CONTROL NUMBER
System control number EN-85112 B-445659-663
037 ## - SOURCE OF ACQUISITION
Source of stock number/acquisition DBAD/PUB
037 ## - SOURCE OF ACQUISITION
Source of stock number/acquisition Allied Pub/Ven
082 ## - DEWEY DECIMAL CLASSIFICATION NUMBER
Classification number 791.430954
245 10 - TITLE STATEMENT
Title Global bollywood :
Statement of responsibility, etc edited by Sangita Gopal [and] Sujata Moorti
Remainder of title travels of Hindi song and dance /
260 ## - PUBLICATION, DISTRIBUTION, ETC. (IMPRINT)
Place of publication, distribution, etc New Delhi
Name of publisher, distributor, etc Orient Blackswan
Date of publication, distribution, etc 2010
270 ## - ADDRESS
Address 1/24 Asaf Ali Road
City New Delhi
Postal code 110002
300 ## - PHYSICAL DESCRIPTION
Extent 340p. :
Dimensions 23cm (pbk)
Other physical details ill.
500 ## - GENERAL NOTE
General note Includes bibliographical references and index.
505 ## - FORMATTED CONTENTS NOTE
Formatted contents note Tapping the mass market : the commercial life of Hindi film songs / Anna Morcom -- The sounds of modernity : the evolution of Bollywood film song / Biswarup Sen -- From Bombay to Bollywood : tracking cinematic and musical tours / Nilanjana Bhattacharjya and Monika Mehta -- Bollywood and beyond : the transnational economy of film production in Ramoji film city, Hyderbad / Shanti Kumar -- The music of intolerable love : political conjugality in Mani Ratnam’s Dil se / Anustup Basu -- Intimate neighbors : Bollywood, dangdut music, and globalizing modernities in Indonesia / Bettina David -- The ubiquitous nonpresence of India : peripheral visions from Egyptian popular culture / Walter Armbrust -- Appropriating the uncodable : Hindi song and dance sequences in Israeli state promotional commercials / Ronie Parciack -- Dancing to an Indian beat : "Dola" goes my diasporic heart / Sangita Shresthova -- Food and cassettes : encounters with Indian filmsong / Edward K. Chan -- Queer as desis : secret politics of gender and sexuality in Bollywood films in diasporic urban ethnoscapes / Rajinder Dudrah -- Bollywood gets funky : American hip-hop, basement bhangra, and the racial politics of music / Richard Zumkhawala-Cook.
650 #0 - SUBJECT ADDED ENTRY--TOPICAL TERM
Topical term or geographic name as entry element Motion pictures
Geographic subdivision India.
650 #0 - SUBJECT ADDED ENTRY--TOPICAL TERM
Topical term or geographic name as entry element Motion picture music
Geographic subdivision India.
700 ## - ADDED ENTRY--PERSONAL NAME
Personal name Gopal, Sangita
9 (RLIN) 22410
700 ## - ADDED ENTRY--PERSONAL NAME
Personal name Moorti, Sujata
9 (RLIN) 22414
856 42 - ELECTRONIC LOCATION AND ACCESS
Materials specified Publisher description
Uniform Resource Identifier http://www.loc.gov/catdir/description/texas041/93060588.html
856 41 - ELECTRONIC LOCATION AND ACCESS
Materials specified Table of contents
Uniform Resource Identifier http://www.loc.gov/catdir/toc/texas041/93060588.html
942 ## - ADDED ENTRY ELEMENTS (KOHA)
Source of classification or shelving scheme Dewey Decimal Classification
Item type English Books
Call number suffix GLO
Classification part 791.430954
Holdings
Withdrawn status Lost status Not for loan Collection code Home library Current library Date acquired Source of acquisition Cost, normal purchase price Full call number Barcode Copy number Cost, replacement price Koha item type
      Non-fiction Central Library Central Library 03/02/2012 Allied Pub/1143/26.09.2011/04/15.09.2011.9.11.2011 495.00 791.430954 GLO B-445659 1 495.00 English Books
    Not For Loan Non-fiction D.B.Act.Division D.B.Act.Division 29/09/2010 DBAD/PUB 495.00 791.430954 GLO EN-85112 1 495.00 English Books
      Non-fiction Karol Bagh Karol Bagh 03/02/2012 Allied Pub/1143/26.09.2011/04/15.09.2011.9.11.2011 495.00 791.430954 GLO B-445662 1 495.00 English Books
      Non-fiction Patel Nagar Patel Nagar 03/02/2012 Allied Pub/1143/26.09.2011/04/15.09.2011.9.11.2011 495.00 791.430954 GLO B-445660 1 495.00 English Books
      Non-fiction Sarojini Nagar Sarojini Nagar 03/02/2012 Allied Pub/1143/26.09.2011/04/15.09.2011.9.11.2011 495.00 791.430954 GLO B-445661 1 495.00 English Books
      Non-fiction Shahdara Branch Shahdara Branch 03/02/2012 Allied Pub/1143/26.09.2011/04/15.09.2011.9.11.2011 495.00 791.430954 GLO B-445663 1 495.00 English Books

© Delhi Public Library
Hit Counter
free hit counter